Sports Quiz

Random Sports or NFL Quiz

Main NFL Tight Ends Quiz Stats

Quiz not verified by Sporcle

Also try: #5 Athletes
Challenge
Share
Tweet
Embed
Score 0/32 Timer 10:00
0 Plays Today
Team Tight End % Correct
New England PatriotsRob Gronkowski
96%
Pittsburgh SteelersHeath Miller
94%
Cincinnati BengalsJermaine Gresham
88%
Houston TexansOwen Daniels
84%
San Diego ChargersAntonio Gates
84%
Dallas CowboysJason Witten
84%
Baltimore RavensDennis Pitta
82%
New York JetsDustin Keller
80%
Atlanta FalconsTony Gonzalez
80%
Carolina PanthersGreg Olsen
78%
Jacksonville JaguarsMarcedes Lewis
76%
San Francisco 49ersVernon Davis
76%
Philadelphia EaglesBrent Celek
74%
New Orleans SaintsJimmy Graham
74%
Tampa Bay BuccaneersDallas Clark
74%
Detroit LionsBrandon Pettigrew
72%
Team Tight End % Correct
Green Bay PackersJermichael Finley
72%
Buffalo BillsScott Chandler
70%
Seattle SeahawksZach Miller
70%
Miami DolphinsAnthony Fasano
66%
Washington RedskinsFred Davis
64%
Minnesota VikingsKyle Rudolph
60%
New York GiantsMartellus Bennett
54%
Indianapolis ColtsDwayne Allen
46%
Cleveland BrownsBenjamin Watson
42%
Denver BroncosJoel Dreesen
34%
Chicago BearsKellen Davis
30%
St. Lois RamsLance Kendricks
28%
Kansas City ChiefsKevin Boss
20%
Tennesee TitansJared Cook
16%
Arizona CardinalsJeff King
8%
Oakland RaidersBrandon Myers
4%

You're not logged in!

Compare scores with friends on all Sporcle quizzes.
Sign Up with Email
OR
Log In

You Might Also Like...

Show Comments

Extras

Top Quizzes Today


Score Distribution

Your Account Isn't Verified!

In order to create a playlist on Sporcle, you need to verify the email address you used during registration. Go to your Sporcle Settings to finish the process.